Solid state physics (Record no. 180550)
[ view plain ]
| 000 -LEADER | |
|---|---|
| fixed length control field | 02124 a2200205 4500 |
| 003 - CONTROL NUMBER IDENTIFIER | |
| control field | Nust |
| 005 - DATE AND TIME OF LATEST TRANSACTION | |
| control field | 20221208104639.0 |
| 010 ## - LIBRARY OF CONGRESS CONTROL NUMBER | |
| LC control number | 74009772 |
| 020 ## - INTERNATIONAL STANDARD BOOK NUMBER | |
| International Standard Book Number | 0030839939 |
| 040 ## - CATALOGING SOURCE | |
| Transcribing agency | Nust |
| 082 00 - DEWEY DECIMAL CLASSIFICATION NUMBER | |
| Classification number | 530.41, ASH |
| 100 1# - MAIN ENTRY--PERSONAL NAME | |
| Personal name | Ashcroft, Neil W. |
| 9 (RLIN) | 53488 |
| 245 10 - TITLE STATEMENT | |
| Title | Solid state physics |
| Statement of responsibility, etc. | [by] Neil W. Ashcroft [and] N. David Mermin. |
| 260 ## - PUBLICATION, DISTRIBUTION, ETC. | |
| Place of publication, distribution, etc. | New York, |
| Name of publisher, distributor, etc. | Holt, Rinehart and Winston |
| Date of publication, distribution, etc. | [c1976] |
| 300 ## - PHYSICAL DESCRIPTION | |
| Extent | xxi, 826 p. |
| Other physical details | illus. |
| Dimensions | 25 cm. |
| 505 ## - FORMATTED CONTENTS NOTE | |
| Formatted contents note | The Drude Theory of Metals( Page-1), The Sommerfeld Theory of Metals (Page-29), Failures of the Free Electron Model (Page-57), Crystal Lattices. The Reciprocal Lattice (Page-63), Determination of Crystal Structures by X-Ray Diffraction (Page-85), Classification of Bravais Lattices and Crystal Structures (Page-111), Electron levels in a Periodic Potential: General Properties (Page-131), Electrons in a Weak Periodic Potential (Page-151), The Tight-Binding Method (Page-175), Other Methods for Calculating Band Structure (Page-191),The Semiclassical Model of Electron Dynamics (Page-213), The Semiclassical Theory of Conduction in Metals (Page-243), Measuring the Fermi Surface (Page-263), Band Structure of Selected Metals (Page-283), Beyond the Relaxation (Page-313), Time Approximation (Page-329), Beyond the Independent Electron Approximation (Page-353), Surface Effects (Page-353), Classification of Solids (Page-373),Cohesive Energy (Page-395), Failures of the Static Lattice Model (Page-415), Classical Theory of the Harmonic Crystal (Page-421), Quantum Theory of the Harmonic Crystal (Page-451), Measuring Phonon Dispersion Relations (Page-469), Anharmonic Effects in Crystals (Page-487), Phonon in Metals (Page-511), Dielectric Properties of Insulators (Page-533). Homogeneous Semiconductors (Page-561). Inhomogeneous Semiconductors ( Page-589), Defects in Crystals (Page-615), Diamagnetism and Paramagnetism (Page-643), Electron Interactions and Magnetic Structure (Page-671) ,Magnetic Ordering (Page-693), Superconductivity. Appendices (Page-725). |
| 650 #0 - SUBJECT ADDED ENTRY--TOPICAL TERM | |
| Topical term or geographic name entry element | Solid state physics. |
| 9 (RLIN) | 34429 |
| 700 1# - ADDED ENTRY--PERSONAL NAME | |
| Personal name | Mermin, N. David, |
| 9 (RLIN) | 61327 |
| 942 ## - ADDED ENTRY ELEMENTS (KOHA) | |
| Source of classification or shelving scheme | |
| Koha item type | Book |
| Withdrawn status | Lost status | Source of classification or shelving scheme | Damaged status | Not for loan | Permanent Location | Current Location | Shelving location | Date acquired | Full call number | Barcode | Date last seen | Price effective from | Koha item type | Public note |
|---|---|---|---|---|---|---|---|---|---|---|---|---|---|---|
| Military College of Signals (MCS) | Military College of Signals (MCS) | General Stacks | 12/12/2016 | 530.41, ASH | MCS30327 | 12/08/2016 | 12/12/2016 | Book | Almirah No.16, Shelf No.1 |
